[Event "SPb Summer"]
[Site "St Petersburg"]
[Date "2016.08.18"]
[Round "2.48"]
[White "Talyansky, Seth D"]
[Black "Srinidhi, S."]
[Result "1-0"]
[WhiteElo "1963"]
[BlackElo "1667"]
[PlyCount "89"]
[EventDate "2016.08.17"]
[EventType "swiss"]
[EventCountry "RUS"]

1. e4 c5 2. Nf3 d6 3. d4 cxd4 4. Nxd4 Nf6 5. Nc3 a6 6. Be2 e6 7. a4 Nc6 8. O-O
Be7 9. Kh1 O-O 10. f4 Qc7 11. Be3 Nxd4 12. Bxd4 e5 13. Be3 Be6 14. a5 Bc4 15.
Ra4 Bxe2 16. Qxe2 Rac8 17. f5 Qd7 18. Rc4 d5 19. exd5 Nxd5 20. Rxc8 Rxc8 21.
Rd1 Nxc3 22. Rxd7 Nxe2 23. Rxe7 f6 24. c3 Rd8 25. g3 Rd5 26. Kg2 Rb5 27. Rd7 g5
28. Rd2 Nxc3 29. bxc3 Rxa5 30. Rd8+ Kg7 31. Rd7+ Kg8 32. Rxb7 Ra3 33. Kf3 Rxc3
34. Rb6 Kg7 35. Rxa6 g4+ 36. Ke4 Rc2 37. Ra7+ Kg8 38. Bh6 Rxh2 39. Bg7 Rg2 40.
Bxf6 Rxg3 41. Kd5 Rb3 42. Bxe5 h5 43. f6 Rf3 44. Ke6 g3 45. f7+ 1-0

[Event "SPb Summer"]
[Site "St Petersburg"]
[Date "2016.08.18"]
[Round "2.49"]
[White "Turetsky, Mark"]
[Black "Sakorenko, Adriana"]
[Result "1/2-1/2"]
[WhiteElo "1622"]
[BlackElo "1942"]
[PlyCount "50"]
[EventDate "2016.08.17"]
[EventType "swiss"]
[EventCountry "RUS"]

1. c4 Nf6 2. Nf3 e6 3. Nc3 d5 4. d4 Nbd7 5. Bg5 Be7 6. e3 O-O 7. Bd3 dxc4 8.
Bxc4 c5 9. O-O cxd4 10. Nxd4 Nb6 11. Bb3 h6 12. Bh4 Nfd5 13. Bxe7 Nxe7 14. Rc1
a6 15. Qe2 e5 16. Nf3 Nc6 17. h3 Qe7 18. e4 Na5 19. Nd5 Nxd5 20. Bxd5 Bd7 21.
Qd2 Nc6 22. Rfd1 Rfd8 23. Qc3 Rac8 24. Bxc6 Bxc6 25. Rxd8+ Rxd8 1/2-1/2

[Event "SPb Summer"]
[Site "St Petersburg"]
[Date "2016.08.18"]
[Round "2.50"]
[White "Slugin, Yaroslav"]
[Black "Mestnikov, Aidin"]
[Result "1-0"]
[WhiteElo "1940"]
[BlackElo "1649"]
[PlyCount "71"]
[EventDate "2016.08.17"]
[EventType "swiss"]
[EventCountry "RUS"]

1. d4 d5 2. Nf3 Nf6 3. Bf4 Bf5 4. e3 e6 5. c4 c5 6. Nc3 Nc6 7. Be2 Qb6 8. O-O
Be7 9. cxd5 exd5 10. dxc5 Qxc5 11. Rc1 Qa5 12. Qb3 Bb4 13. a3 Bxc3 14. Qxb7 O-O
15. Rxc3 Bd7 16. Bc7 Qa4 17. Bb5 Na5 18. Bxa4 Nxb7 19. Bxd7 Nxd7 20. Rd1 Nf6
21. Be5 Ne4 22. Rc7 Nbc5 23. Rxd5 Rfd8 24. Rxd8+ Rxd8 25. Bd4 Nd3 26. Rc2 f5
27. g3 Rd7 28. Kf1 Kf7 29. Ne1 Nxe1 30. Kxe1 Rb7 31. b4 a5 32. bxa5 Rb3 33. a6
Rxa3 34. a7 Nd6 35. Rc7+ Kf8 36. Bc5 1-0

[Event "SPb Summer"]
[Site "St Petersburg"]
[Date "2016.08.18"]
[Round "2.51"]
[White "Zavgorodniaya, Alena"]
[Black "Karpenko, Aleksey"]
[Result "1-0"]
[WhiteElo "1937"]
[BlackElo "1641"]
[PlyCount "25"]
[EventDate "2016.08.17"]
[EventType "swiss"]
[EventCountry "RUS"]

1. e4 c6 2. d4 d5 3. Nc3 dxe4 4. Nxe4 Bf5 5. Ng3 Bg6 6. h4 h6 7. Nf3 Nf6 8. Ne5
Bh7 9. Bc4 e6 10. Qe2 Nbd7 11. Nxf7 Qe7 12. Bxe6 Bg8 13. Nf5 1-0

[Event "SPb Summer"]
[Site "St Petersburg"]
[Date "2016.08.18"]
[Round "2.52"]
[White "Radosevic, Nevena"]
[Black "Izotov, Yury"]
[Result "1/2-1/2"]
[WhiteElo "1589"]
[BlackElo "1929"]
[PlyCount "106"]
[EventDate "2016.08.17"]
[EventType "swiss"]
[EventCountry "RUS"]

1. d4 d5 2. c4 e5 3. dxe5 d4 4. Nf3 Nc6 5. Bf4 Bb4+ 6. Nbd2 Nge7 7. h3 Be6 8.
Rc1 Ng6 9. Bh2 Qe7 10. a3 Bxd2+ 11. Qxd2 Rd8 12. b4 Bf5 13. g4 Be4 14. Bg2
Ncxe5 15. O-O f5 16. Nxe5 Nxe5 17. f3 Bc6 18. Qf4 Ng6 19. Qxf5 Nh4 20. Qe5 Nxg2
21. Kxg2 Qxe5 22. Bxe5 O-O 23. Bxc7 Rde8 24. Rce1 Re3 25. Kg3 b5 26. cxb5 Bxb5
27. Bd6 Rfe8 28. Bc5 Rxe2 29. Rxe2 Bxe2 30. Re1 d3 31. Kf2 a6 32. a4 Kf7 33.
Be3 Rc8 34. b5 axb5 35. axb5 Rb8 36. b6 Ke6 37. Rc1 Rb7 38. Rc7 Rxc7 39. bxc7
Kd7 40. Bf4 g6 41. Ke3 Bf1 42. h4 Be2 43. Be5 Bd1 44. Kxd3 Bxf3 45. g5 Bb7 46.
Kd4 Ke6 47. Bg3 Ba6 48. Kc5 Bc8 49. Kc6 Ba6 50. Kb6 Bc8 51. Ka7 Kd7 52. Bf4 Kc6
53. Kb8 Kd7 1/2-1/2

[Event "SPb Summer"]
[Site "St Petersburg"]
[Date "2016.08.18"]
[Round "2.53"]
[White "Gatalov, Dmitriy"]
[Black "Smorodkin, Kirill"]
[Result "1-0"]
[WhiteElo "1919"]
[BlackElo "1624"]
[PlyCount "129"]
[EventDate "2016.08.17"]
[EventType "swiss"]
[EventCountry "RUS"]

1. d4 Nf6 2. c4 g6 3. Nc3 Bg7 4. e4 d6 5. Be2 O-O 6. Nf3 Bg4 7. Be3 Nfd7 8. Nd2
Bxe2 9. Qxe2 Nc6 10. Nb3 e5 11. d5 Nd4 12. Qd2 Nxb3 13. axb3 a6 14. b4 Qe7 15.
O-O Nf6 16. f3 b6 17. Ra3 Qd7 18. Rfa1 Qc8 19. b5 a5 20. b4 Nd7 21. bxa5 bxa5
22. Rxa5 Rxa5 23. Rxa5 Nb6 24. Qa2 Qb7 25. Ra6 Rb8 26. Na4 Nd7 27. Qd2 Qc8 28.
Qa5 Bf6 29. Ra7 Bd8 30. Qa6 Qxa6 31. Rxa6 Nb6 32. Nb2 Kg7 33. Kf2 f6 34. Ke2
Kf7 35. Kd3 Ke8 36. Bxb6 Rxb6 37. Kc3 Rb8 38. Nd3 Kd7 39. Nb4 Be7 40. Nc6 Re8
41. Ra7 Kc8 42. Kb4 Bf8 43. Ka5 Bh6 44. Ra8+ Kd7 45. Rxe8 Kxe8 46. b6 cxb6+ 47.
Kxb6 Be3+ 48. Kc7 Bc5 49. Nb8 Ke7 50. Kc6 h5 51. h3 Be3 52. Nd7 f5 53. c5 dxc5
54. Nxc5 Bg5 55. d6+ Kf7 56. d7 Bd8 57. Nb7 Be7 58. d8=Q Bxd8 59. Nxd8+ Ke7 60.
Kc7 f4 61. Nc6+ Ke6 62. h4 Kf6 63. Kd6 g5 64. hxg5+ Kxg5 65. Kxe5 1-0

[Event "SPb Summer"]
[Site "St Petersburg"]
[Date "2016.08.18"]
[Round "2.54"]
[White "Yakovlev, Yuri S"]
[Black "Bobolev, Stanislav"]
[Result "1-0"]
[WhiteElo "1891"]
[BlackElo "1604"]
[PlyCount "73"]
[EventDate "2016.08.17"]
[EventType "swiss"]
[EventCountry "RUS"]

1. e4 e5 2. Nf3 Nf6 3. d4 Nxe4 4. dxe5 Bc5 5. Be3 Bxe3 6. fxe3 d5 7. exd6 Qxd6
8. Qxd6 Nxd6 9. Bd3 O-O 10. Nc3 Re8 11. Nd5 c6 12. Nc7 Rxe3+ 13. Kf2 Re7 14.
Nxa8 Na6 15. Rhe1 Be6 16. Bxa6 bxa6 17. Rad1 Nb7 18. Ng5 h6 19. Ne4 Kf8 20. Nd6
a5 21. b3 Rd7 22. Nxb7 Rxb7 23. Re5 a4 24. Ra5 Bd7 25. Rxa4 Ke8 26. Ra6 c5 27.
Rd5 Kd8 28. Rxc5 Bb5 29. Ra5 Bd7 30. c4 g6 31. Ra6 Bf5 32. Rca5 Be4 33. Rxa7
Kc8 34. Rc5+ Kb8 35. Rxb7+ Kxb7 36. Nc7 Kb6 37. Re5 1-0

[Event "SPb Summer"]
[Site "St Petersburg"]
[Date "2016.08.18"]
[Round "2.55"]
[White "Zhemchuzhina, Elizaveta"]
[Black "Zvereva, Svetlana"]
[Result "1-0"]
[WhiteElo "1867"]
[BlackElo "1579"]
[PlyCount "91"]
[EventDate "2016.08.17"]
[EventType "swiss"]
[EventCountry "RUS"]

1. d4 d5 2. c4 e6 3. cxd5 exd5 4. Nc3 c6 5. g3 Nf6 6. Bg2 Be7 7. e3 Bf5 8. Nge2
Nbd7 9. O-O O-O 10. f3 Nb6 11. e4 dxe4 12. fxe4 Bg4 13. Qd3 Qc8 14. Bg5 Qd7 15.
Rf4 Bh5 16. Rh4 Bg6 17. Nf4 Ne8 18. Bh3 Qd8 19. Bxe7 Qxe7 20. Nxg6 fxg6 21. e5
Nc7 22. Ne4 Nbd5 23. Nd6 Rab8 24. Re1 Ne6 25. Ne4 h6 26. Nd6 Kh7 27. Bg2 Ndf4
28. Rxf4 Nxf4 29. gxf4 Rxf4 30. Re3 Qg5 31. Rg3 Rg4 32. Rxg4 Qxg4 33. h3 Qh4
34. Qe4 Qg3 35. Qf3 Qg5 36. Kh2 Qd2 37. Qe4 Qxb2 38. e6 Qa3 39. Qe5 Qxa2 40. e7
Qg8 41. e8=Q Rxe8 42. Nxe8 Qf8 43. Nc7 h5 44. Ne6 Qf6 45. Qxf6 gxf6 46. Nd8 1-0

[Event "SPb Summer"]
[Site "St Petersburg"]
[Date "2016.08.18"]
[Round "2.56"]
[White "Smirnov, Dmitrii"]
[Black "Sanarov, Leonid"]
[Result "1/2-1/2"]
[WhiteElo "1569"]
[BlackElo "1856"]
[PlyCount "101"]
[EventDate "2016.08.17"]
[EventType "swiss"]
[EventCountry "RUS"]

1. e4 c6 2. d4 d5 3. exd5 cxd5 4. Bd3 Nc6 5. c3 Nf6 6. Bf4 Bg4 7. Nf3 e6 8.
Nbd2 Be7 9. Qc2 O-O 10. h3 Bh5 11. Ne5 Rc8 12. Qb1 a6 13. Ndf3 Bg6 14. Nxg6
hxg6 15. h4 Nh5 16. Bg5 Bxg5 17. hxg5 Nf4 18. Rh2 e5 19. dxe5 Nxe5 20. Nxe5 Qe7
21. Kd2 Qxe5 22. Qh1 Nh5 23. Rxh5 gxh5 24. Bh7+ Kxh7 25. Qxh5+ Kg8 26. Rh1 Qf4+
27. Kd1 f5 28. Rh4 Qxh4 29. Qxh4 g6 30. Qd4 Rf7 31. Qxd5 Rcc7 32. Kc2 Rcd7 33.
Qe6 Kh7 34. Qc4 Rfe7 35. f3 Rc7 36. Qd3 Rcd7 37. Qc4 Rc7 38. Qd3 Rcd7 39. Qc4
b5 40. Qh4+ Kg8 41. Qf2 Rd6 42. Kb3 Rde6 43. Qd4 Re2 44. g3 R2e3 45. a3 Kh7 46.
Qh4+ Kg8 47. Qd4 Kh7 48. Qh4+ Kg8 49. Qd4 R7e6 50. Qd8+ Kh7 51. Qf8 1/2-1/2

[Event "SPb Summer"]
[Site "St Petersburg"]
[Date "2016.08.18"]
[Round "2.57"]
[White "Pankova, Julia"]
[Black "Bezobrazov, Lev"]
[Result "1-0"]
[WhiteElo "1845"]
[BlackElo "1528"]
[PlyCount "125"]
[EventDate "2016.08.17"]
[EventType "swiss"]
[EventCountry "RUS"]

1. e4 Nf6 2. e5 Nd5 3. d4 d6 4. Nf3 g6 5. Bc4 Nb6 6. Bb3 Bg7 7. Ng5 d5 8. f4 f6
9. Nf3 Nc6 10. c3 Bg4 11. O-O Qd7 12. Nbd2 Nd8 13. Rf2 Nf7 14. Nf1 c6 15. Ne3
Be6 16. Bc2 Nh6 17. b3 Ng4 18. Nxg4 Bxg4 19. h3 Bf5 20. Nh4 Bxc2 21. Qxc2 f5
22. Nf3 e6 23. Ba3 Bf8 24. Bxf8 Rxf8 25. Rc1 a5 26. Ne1 a4 27. Nd3 axb3 28.
axb3 Kf7 29. Rff1 Ra7 30. Ra1 Rfa8 31. Qb2 Nc8 32. Rxa7 Rxa7 33. Ra1 b6 34. Ra3
Qe7 35. Ra2 Rxa2 36. Qxa2 Qa7 37. Qb2 c5 38. Kh2 Ne7 39. Qf2 Ng8 40. dxc5 bxc5
41. Nxc5 h6 42. Qd4 Qe7 43. b4 g5 44. g3 h5 45. Qf2 Nh6 46. Qe3 Kg6 47. fxg5
Nf7 48. h4 Nd8 49. Nd3 Kg7 50. Qc5 Nc6 51. Qxe7+ Nxe7 52. Nf4 Kf7 53. Kg2 Nc6
54. Nd3 Kg6 55. Kf3 Kf7 56. Ke3 Kg6 57. b5 Nd8 58. b6 Nc6 59. b7 Kf7 60. Nc5
Ke7 61. Na6 Kf7 62. b8=Q Nxb8 63. Nxb8 1-0

[Event "SPb Summer"]
[Site "St Petersburg"]
[Date "2016.08.18"]
[Round "2.58"]
[White "Kapitsa, Artem"]
[Black "Shadunts, Kirill"]
[Result "0-1"]
[WhiteElo "1402"]
[BlackElo "1824"]
[PlyCount "144"]
[EventDate "2016.08.17"]
[EventType "swiss"]
[EventCountry "RUS"]

1. d4 d5 2. c4 e6 3. Nc3 Be7 4. Nf3 Nf6 5. Bg5 O-O 6. e3 h6 7. Bh4 b6 8. cxd5
exd5 9. Qc2 Bb7 10. Bg3 Nbd7 11. Bd3 c5 12. Rc1 Rc8 13. Nb5 a6 14. Nd6 Bxd6 15.
Bxd6 cxd4 16. Qd2 dxe3 17. fxe3 Nc5 18. Bxc5 bxc5 19. O-O Re8 20. Rfe1 Ne4 21.
Qe2 Re6 22. Nd2 Qg5 23. Nxe4 dxe4 24. Bc4 Rf6 25. Rf1 Rcc6 26. Rcd1 Rxf1+ 27.
Rxf1 Rf6 28. Rxf6 Qxf6 29. Qf2 Qxf2+ 30. Kxf2 Kf8 31. Kg3 Ke7 32. Kf4 Kf6 33.
Bb3 g5+ 34. Kg4 Kg6 35. h4 f5+ 36. Kg3 Kf6 37. hxg5+ hxg5 38. Kf2 Ke5 39. g3
Bc6 40. Ke2 Bb5+ 41. Kd2 f4 42. gxf4+ gxf4 43. exf4+ Kxf4 44. Bd1 e3+ 45. Ke1
Ke4 46. a3 Kd4 47. Bh5 Kd3 48. Bg6+ Kd4 49. Bh5 c4 50. Bd1 a5 51. Be2 Ba4 52.
Bh5 Bc2 53. Be8 Bd3 54. Bc6 Be4 55. Ba4 Bf3 56. Bb5 Bg4 57. Be8 Bf5 58. Bh5 Bd3
59. Bd1 Be4 60. Be2 Bc6 61. Bd1 Bb5 62. Bh5 a4 63. Be2 Bc6 64. Bh5 Bd7 65. Bf7
Bb5 66. Bg6 c3 67. bxc3+ Kxc3 68. Bh5 Kb2 69. Bd1 Kxa3 70. Bc2 Kb4 71. Bb1 Bc4
72. Kd1 Kc3 0-1

[Event "SPb Summer"]
[Site "St Petersburg"]
[Date "2016.08.18"]
[Round "2.59"]
[White "Corrente, Roberto"]
[Black "Popovich, Alexey"]
[Result "0-1"]
[WhiteElo "1242"]
[BlackElo "1818"]
[PlyCount "52"]
[EventDate "2016.08.17"]
[EventType "swiss"]
[EventCountry "RUS"]

1. e4 e5 2. Nf3 Nf6 3. Nxe5 d6 4. Nf3 Nxe4 5. d3 Nf6 6. Nc3 d5 7. d4 Bd6 8. Bd3
O-O 9. O-O c6 10. Bg5 Bg4 11. h3 Bh5 12. Bf5 h6 13. Bh4 g6 14. Bd3 g5 15. Bg3
Re8 16. Bf5 Ne4 17. Bxd6 Qxd6 18. Qd3 Bxf3 19. gxf3 Nf6 20. Rfe1 Nbd7 21. Ne2
Nh5 22. Bg4 Ndf6 23. Kg2 Rxe2 24. Qf5 Qg3+ 25. Kh1 Qxf2 26. Rxe2 Ng3# 0-1

[Event "SPb Summer"]
[Site "St Petersburg"]
[Date "2016.08.18"]
[Round "2.60"]
[White "Rubtsov, Aleksandr"]
[Black "Biyachuev, Minkail"]
[Result "1-0"]
[WhiteElo "1817"]
[BlackElo "1400"]
[PlyCount "107"]
[EventDate "2016.08.17"]
[EventType "swiss"]
[EventCountry "RUS"]

1. e4 c5 2. Nf3 d6 3. d4 cxd4 4. Nxd4 Nc6 5. Nc3 e6 6. Be3 Nf6 7. f3 Be7 8. Qd2
Bd7 9. O-O-O a6 10. g4 h6 11. h4 Qc7 12. Be2 O-O-O 13. g5 Ng8 14. f4 f5 15.
exf5 exf5 16. Nd5 Qa5 17. Nb3 Qxd2+ 18. Bxd2 Kb8 19. Bc3 Bf8 20. Bf3 Be6 21.
Rhe1 Bxd5 22. Bxd5 hxg5 23. Bxg8 Rxg8 24. hxg5 g6 25. Bf6 Rd7 26. Re8+ Kc7 27.
Rh1 Ne7 28. Nd4 Nd5 29. Ne6+ Kc6 30. Rxf8 Nxf6 31. Rxf6 Kd5 32. Nf8 Re7 33.
Rd1+ Kc5 34. Nxg6 Rd7 35. Nh4 Rh8 36. Nxf5 d5 37. g6 Rh2 38. g7 Rg2 39. Rf8
Rdxg7 40. Nxg7 Rxg7 41. f5 Kd6 42. Re1 Re7 43. Rd8+ Kc7 44. Rxe7+ Kxd8 45. Re5
d4 46. Re4 Kc7 47. Rxd4 Kb6 48. f6 Ka7 49. f7 a5 50. f8=Q Kb6 51. Qd6+ Ka7 52.
Rd5 b6 53. Rb5 Ka8 54. Rxb6 1-0

[Event "SPb Summer"]
[Site "St Petersburg"]
[Date "2016.08.18"]
[Round "2.62"]
[White "Lyazhkov, Sergey"]
[Black "Nordquelle, Amelia"]
[Result "1-0"]
[WhiteElo "1799"]
[BlackElo "1153"]
[PlyCount "69"]
[EventDate "2016.08.17"]
[EventType "swiss"]
[EventCountry "RUS"]

1. Nf3 d5 2. c4 c6 3. b3 Nf6 4. g3 Bf5 5. Bg2 Nbd7 6. Bb2 e6 7. O-O Be7 8. d3
O-O 9. Nbd2 Qc7 10. Rc1 Qa5 11. a3 Qd8 12. Rc2 Bd6 13. Qa1 Qe7 14. Nh4 Bg6 15.
Nxg6 hxg6 16. d4 e5 17. e4 dxe4 18. Nxe4 Nxe4 19. Bxe4 exd4 20. Re1 Rfe8 21.
Rce2 Qf8 22. Bxd4 Bxa3 23. Bxg7 Qxg7 24. Qxa3 Re6 25. Qb4 b6 26. Bg2 Rxe2 27.
Rxe2 Rc8 28. Qe7 Rc7 29. Bxc6 Rxc6 30. Qxd7 Qa1+ 31. Kg2 Rc5 32. b4 Rxc4 33.
Re8+ Kg7 34. Qh3 g5 35. Qh8+ 1-0